Mi hogar : Revista de La Ciudad de los Niños : número 396, diciembre de 1979 : 45 aniversario de Ciudad de los niños /

Revista de información general y promoción de la Ciudad de los niños, una institución de atención a los niños con problemas de hogar fundada por el Padre Roberto Cuéllar, S.J. en 1934 en Guadalajara, Jalisco. La presente es una publicación que tiene la finalidad de informar sobre las actividades de...

Полное описание

Сохранить в:
Библиографические подробности
Другие авторы: Gómez Pérez, Rafael (dirección) (dirección)
Формат:
Язык:испанский
Опубликовано: Guadalajara, México : El Pilar, 1979
Предметы:
Метки: Добавить метку
Нет меток, Требуется 1-ая метка записи!

MARC

LEADER 00000nam^a2200000^a^4500
001 000385323
005 20250526000000.0
009 20260310120927.53
037 |a Acervo ITESO - Biblioteca 
041 |a ESP 
082 |a 362. 73205  |b MIH V. 396 
240 1 1 |a [Mi hogar] 
245 0 0 |a Mi hogar :  |b Revista de La Ciudad de los Niños : número 396, diciembre de 1979 : 45 aniversario de Ciudad de los niños /  |c Dir. de R. Gómez Pérez. 
264 1 |a Guadalajara, México :  |b El Pilar,  |c 1979 
300 |a 48 p. ;  |c 23.0 cm. 
336 |a texto  |b txt  |2 rdacontenido 
337 |a sin mediación  |b n  |2 rdamedio 
338 |a volumen  |b nc  |2 rdasoporte 
520 |a Revista de información general y promoción de la Ciudad de los niños, una institución de atención a los niños con problemas de hogar fundada por el Padre Roberto Cuéllar, S.J. en 1934 en Guadalajara, Jalisco. La presente es una publicación que tiene la finalidad de informar sobre las actividades de los niños y la manera como se trabaja para proporcionarles una educación básica y una iniciación a la vida laboral para que puedan ser autosuficientes: vida de familia, estudio, trabajo, talleres, deporte, formación cívica, recreación y formación religiosa. 
649 |a XX 
650 |a Jesuitas en Guadalajara, Jalisco -  |x Historia -  |y Siglo XX 
650 |a Jesuitas en México -  |x Historia -  |y Siglo XX 
650 |a Niños -  |z Guadalajara, Jalisco -  |x Condiciones Sociales y Culturales -  |x Tema Principal 
650 |a Niños -  |z México -  |x Condiciones Sociales y Culturales 
650 |a Huérfanos -  |z Guadalajara, Jalisco -  |x Condiciones Sociales y Culturales 
650 |a Huérfanos -  |z México -  |x Condiciones Sociales y Culturales 
650 |a Ciudad de los Niños del Padre Cuéllar -  |z Guadalajara, Jalisco -  |x Historia -  |y Siglo XX -  |x Tema Principal 
650 |a Ciudad de los Niños del Padre Cuéllar -  |z Guadalajara, Jalisco -  |x Publicaciones Periódicas -  |x Tema Principal 
650 |a Centros de Asistencia Social -  |z Guadalajara, Jalisco -  |x Historia 
650 |a Centros de Asistencia Social -  |z México -  |x Historia 
650 |a Inserción y Reinserción Laboral -  |z Guadalajara, Jalisco 
650 |a Inserción y Reinserción Laboral -  |z México 
650 |a Deportes -  |z Guadalajara, Jalisco -  |x Historia -  |y Siglo XX 
650 |a Deportes -  |z México -  |x Historia -  |y Siglo XX 
650 |a Prácticas Académicas -  |z Guadalajara, Jalisco -  |x Historia -  |y Siglo XX 
650 |a Prácticas Académicas -  |z México -  |x Historia -  |y Siglo XX 
650 |a Educación Primaria -  |z Guadalajara, Jalisco -  |x Historia -  |y Siglo XX 
650 |a Educación Primaria -  |z México -  |x Historia -  |y Siglo XX 
650 |a Educación Media -  |z Guadalajara, ´Jalisco -  |x Historia -  |y Siglo XX 
650 |a Educación Media -  |z México -  |x Historia -  |y Siglo XX 
650 |a Educación Religiosa 
650 |a Instituciones de Beneficencia -  |z Guadalajara, Jalisco 
650 |a Instituciones de Beneficencia -  |z México 
650 |a Problemas Sociales -  |z Guadalajara, Jalisco 
650 |a Problemas Sociales -  |z México 
650 |a Psicología Social 
650 |a Sociología 
650 |a Educación 
650 |a Publicaciones Periódicas Jaliscienses 
650 |a Publicaciones Periódicas Mexicanas 
650 |a Guadalajara, Jalisco -  |x Historia -  |y Siglo XX 
650 |a México -  |x Historia -  |y Siglo XX 
650 |a Cuéllar, Roberto 
700 |a Gómez Pérez, Rafael  |e (dirección) 
910 |a Fondo Carlos Núñez Hurtado 
920 |a Impresos - Libros 
930 |a Libros Antiguos y Raros 
905 |a 108 
901 |a 0500280263  |b IT2  |c LRA  |i D80540  |u 20250526 
902 |a https://opac.biblio.iteso.mx/vufind/Record/000385323